000 00617nam a2200181 i 4500
001 28715
003 ES-MaACL
005 20250702193805.0
007 t|
008 030120m18511853fr ||||1| fre d
100 1 _aBarante, Prosper Brugière
_cbaron de (
_d1782-1866)
_925324
245 1 0 _aHistoire de la Convention Nationale /
_cAmable Guillaume Prosper Brugiere, Baron de Barante.
260 _aParís :
_b[s.n.],
_c1851-53 (
_fImp. Chapelet)
300 _a6 v. ;
_c23 cm.
651 7 _aFrancia-
_xHistoria-
_y1792-1795, Convención nacional
_2
_9152879
852 _aES-MaACL
_jF-12057-62
999 _c28715
_d28715